000
00277nam a22001337a 4500
003
SGT
082
_a
611
_b
B11O
100
_a
OOMMEN,ANITHA
245
_a
BASIC ANATOMY: LOWER LIMB
260
_a
DELHI
_b
ANE BOOKS
_c
2011
300
_a
139
650
_a
ANATOMY
942
_2
ddc
_c
BK
_0
2
999
_c
8700
_d
8700